Simulation of fixed bed reactor for iron catalyzed fisher-tropsch reactor using MATLAB / (Record no. 601689)
[ view plain ]
| 000 -LEADER | |
|---|---|
| fixed length control field | 00536nam a2200157Ia 4500 |
| 008 - FIXED-LENGTH DATA ELEMENTS--GENERAL INFORMATION | |
| fixed length control field | 230907s9999||||xx |||||||||||||| ||und|| |
| 082 ## - DEWEY DECIMAL CLASSIFICATION NUMBER | |
| Classification number | 662.6623 |
| Author Mark | SAR |
| 100 ## - MAIN ENTRY--PERSONAL NAME | |
| Personal name | Sarwat Hameed (NUST2012-60738-MCES-64112F) |
| 9 (RLIN) | 116279 |
| 245 #0 - TITLE STATEMENT | |
| Title | Simulation of fixed bed reactor for iron catalyzed fisher-tropsch reactor using MATLAB / |
| 260 ## - PUBLICATION, DISTRIBUTION, ETC. | |
| Place of publication, distribution, etc. | USPCAS-E, NUST, |
| Name of publisher, distributor, etc. | Islamabad : |
| Date of publication, distribution, etc. | 2014 |
| 300 ## - PHYSICAL DESCRIPTION | |
| Extent | viii+iii+67 p. : |
| 520 ## - SUMMARY, ETC. | |
| Summary, etc. | TH-10 |
| 650 ## - SUBJECT ADDED ENTRY--TOPICAL TERM | |
| Topical term or geographic name entry element | MS-ESE Thesis MS Thesis |
| 9 (RLIN) | 116280 |
| 700 ## - ADDED ENTRY--PERSONAL NAME | |
| Personal name | Shahid Hussain Ansari |
| 9 (RLIN) | 28893 |
| 942 ## - ADDED ENTRY ELEMENTS (KOHA) | |
| Koha item type | Thesis |
| Source of classification or shelving scheme | |
| Withdrawn status | Lost status | Source of classification or shelving scheme | Damaged status | Not for loan | Permanent Location | Current Location | Date acquired | Full call number | Barcode | Date last seen | Price effective from | Koha item type |
|---|---|---|---|---|---|---|---|---|---|---|---|---|
| US-Pakistan Center for Advanced Studies in Energy (USPCAS-E) | US-Pakistan Center for Advanced Studies in Energy (USPCAS-E) | 07/24/2019 | 662.6623 SAR | CAS-ETH0000010 | 09/12/2023 | 09/12/2023 | Thesis |
